| 000 | 00761nam a2200217 4500 | ||
|---|---|---|---|
| 001 | 153982 | ||
| 003 | ES-MaACL | ||
| 005 | 20251013220059.0 | ||
| 008 | 950228s1847 fr |||| | fre d | ||
| 040 |
_aEUS _bspa _cEUS |
||
| 100 | 0 |
_aJustiniano _bI _cEmperador de Oriente. _967359 |
|
| 245 | 1 | 0 |
_aInstitutes de Justinien. _pTome premier / _ctraduites et expliquées par L. Etienne. |
| 250 | _a2e. tirage aug. d'une nouvelle introduction. | ||
| 260 |
_aAix : _bChez Aubin, Imprimeur-Libraire, _c1847. |
||
| 300 |
_a591 p. ; _c25 cm. |
||
| 700 | 1 |
_aEtienne, Louis, _d1799-1885 _9126981 |
|
| 730 | 0 |
_aCorpus juris civilis. _pInstitutiones _9135271 |
|
| 852 |
_aES-MaACL _jC-3617 _z-- Enc. hol. |
||
| 999 |
_c153982 _d153982 |
||